| 000 | 00766nam a22002537a 4500 | ||
|---|---|---|---|
| 003 | CHAP | ||
| 005 | 20220329133503.0 | ||
| 008 | 971013s r 00010 d | ||
| 010 | _a6955 | ||
| 011 | _a7927 | ||
| 035 | _a7152 | ||
| 040 | _cCHAP | ||
| 090 | _aR-3424 | ||
| 100 | 0 | 0 |
_aLand, C. E. _964640 |
| 245 | _aComparison of couscous made from hard white and hard red winter wheat | ||
| 500 | _aSobretiro de : Association of Operative Millers-Bulletin. April: 6033-6037, 1992 | ||
| 590 |
_aBATCH-UPD _b10 _c20130110 _lUCH01 _h2217 |
||
| 590 |
_aCONVERSION _b10 _c20130109 _lUCH01 _h1305 |
||
| 650 | 1 | 4 |
_aTrigo _xValor nutritivo. _9115118 |
| 700 | 0 |
_aWalker, C. C. _9120860 |
|
| 901 | _aBK | ||
| 942 | _cREIMP | ||
| 949 |
_aR-3424 _bBC _cR _d-16967 _eTS1 _i7152 _mD _si |
||
| 999 |
_c6955 _d6955 |
||